000 00920nam a22002297a 4500
005 20240530110622.0
008 161224s2014 ua aof f b 000 0 ara d
017 _bمصر. دار الكتب
040 _aEG-CaGPL
_cEG-CaGPL
082 0 4 _221
_a916
_bق/ك آ
100 0 _aكمال عنانى اسماعيل .
245 1 0 _aاثار مصر الاسلامية /
_cاعداد كمال عنانى اسماعيل .
250 _aط.1
260 _aالاسكندرية :
_bدار الوفاء لدنيا الطباعة و النشر ،
_c2014
300 _a344 ص :
_bصور ؛
_c24 سم .
504 _aببليوجرافية : ص 241 - 246
650 0 7 _2qrmak
_aالاثار الاسلامية .
650 0 7 _2qrmak
_aالاثار الاسلامية
_yالعصر الفاطمى .
651 0 7 _2qrmak
_aمصر
_xالاثار الاسلامية .
942 _2ddc
_cBK
999 _c63071
_d63071